书目信息 |
| 题名: |
公路运输会计
|
|
| 作者: | 郑正中 主编 | |
| 分册: | ||
| 出版信息: | 北京 人民交通出版社 1999.05 |
|
| 页数: | 235页 | |
| 开本: | 20cm | |
| 丛书名: | ||
| 单 册: | ||
| 中图分类: | F540.58 | |
| 科图分类: | ||
| 主题词: | 陆路运输--运输经济 , 公路运输--运输经济 | |
| 电子资源: | ||
| ISBN: | 7-114-01990-4 | |
| 000 | 00629nam0 2200205 450 | |
| 001 | 1453415043 | |
| 005 | 20141104145145.25 | |
| 010 | @a7-114-01990-4@dCNY17.00 | |
| 100 | @a20141104d1999 km y0chiy0120 ea | |
| 101 | 0 | @achi |
| 102 | @aCN@b110000 | |
| 200 | 1 | @a公路运输会计@Agong lu yun shu kuai ji@f郑正中主编@Fzheng zheng zhong zhu bian |
| 210 | @a北京@c人民交通出版社@d1999.05 | |
| 215 | @a235页@d20cm | |
| 606 | 0 | @a陆路运输@x运输经济 |
| 606 | 0 | @a公路运输@x运输经济 |
| 690 | @aF540.58@v4 | |
| 701 | 0 | @a郑正中@Azheng zheng zhong@4主编 |
| 801 | 0 | @aCN@b大连网信软件有限公司图书馆·11@c20141104 |
| 905 | @aZUCC@dF540.58@eZ459 | |
| 公路运输会计/郑正中主编.-北京:人民交通出版社,1999.05 |
| 235页;20cm |
| ISBN 7-114-01990-4:CNY17.00 |
| ● |
| 相关链接 |
|
|
|
正题名:公路运输会计
索取号:F540.58/Z459
 
预约/预借
| 序号 | 登录号 | 条形码 | 馆藏地/架位号 | 状态 | 备注 |
| 1 | 127893 | 201278937 | 社科库409/409社科库 38排1列4层/ [索取号:F540.58/Z459] | 在馆 | |
| 2 | 127894 | 201278946 | 社科二线422/409社科库 38排1列4层/ [索取号:F540.58/Z459] | 在馆 | |
| 3 | 127895 | 201278955 | 社科二线422/409社科库 38排1列4层/ [索取号:F540.58/Z459] | 在馆 | |
| 4 | 127896 | 201278964 | 社科二线422/409社科库 38排1列4层/ [索取号:F540.58/Z459] | 在馆 | |
| 5 | 127897 | 201278973 | 社科二线422/409社科库 38排1列4层/ [索取号:F540.58/Z459] | 在馆 | |
| 6 | 127898 | 201278982 | 社科二线422/409社科库 38排1列4层/ [索取号:F540.58/Z459] | 在馆 | |
| 7 | 127899 | 201278991 | 社科二线422/409社科库 38排1列4层/ [索取号:F540.58/Z459] | 在馆 | |
| 8 | 127900 | 201279008 | 社科二线422/409社科库 38排1列4层/ [索取号:F540.58/Z459] | 在馆 | |
| 9 | 127901 | 201279017 | 社科二线422/409社科库 38排1列4层/ [索取号:F540.58/Z459] | 在馆 | |
| 10 | 127902 | 201279026 | 社科二线422/409社科库 38排1列4层/ [索取号:F540.58/Z459] | 在馆 |